| 000 | 00502nam a2200193Ia 4500 | ||
|---|---|---|---|
| 003 | GCL | ||
| 008 | 140319s9999 xx 000 0 eng d | ||
| 040 |
_aGCL / _cGCL |
||
| 082 | 0 | 4 |
_a747 _bB H |
| 100 | 1 | _aBROTO, CARLES | |
| 245 | 1 | 0 |
_aHOME INTERIORS / _cBROTO, CARLES |
| 260 |
_aاسبانيا : _bARIAN MOSTAEDI |
||
| 300 |
_a32 CM ؛ _c181 P |
||
| 650 | 0 | 4 | _aINTERIOR ARCHITTECTURE |
| 650 | 0 | 4 | _aINTERIOR DECORATION |
| 650 | 0 | 4 | _aFURNITURE |
| 650 | 0 | 4 | _aDECORATION AND ORNAMENT |
| 942 |
_2ddc _cBK |
||
| 999 |
_c6631 _d6631 |
||